The possessive investment in whiteness : how white people profit from identity politics = La inversión en la blancura posesivo: cómo sacar provecho de los blancos la política de la identidad /
保存先:
| 第一著者: | |
|---|---|
| フォーマット: | 不明 |
| 言語: | English |
| 出版事項: |
Philadelphia :
Temple University Press,
2006.
|
| 主題: | |
| タグ: |
タグ追加
タグなし, このレコードへの初めてのタグを付けませんか!
|
MARC
| LEADER | 000000000a22000000004500 | ||
|---|---|---|---|
| 001 | 011328 | ||
| 020 | |a 9781592134939 | ||
| 041 | 0 | |a eng | |
| 082 | 0 | 4 | |a 305.800.9 |b L767p |
| 100 | 1 | |a Lipsitz, George | |
| 245 | 1 | 4 | |a The possessive investment in whiteness : |b how white people profit from identity politics = La inversión en la blancura posesivo: cómo sacar provecho de los blancos la política de la identidad / |c George Lipsitz. |
| 246 | 3 | 1 | |a La inversión en la blancura posesivo: cómo sacar provecho de los blancos la política de la identidad |
| 260 | 1 | |a Philadelphia : |b Temple University Press, |c 2006. | |
| 300 | |a xx, 292 páginas ; |c 23 cm. | ||
| 500 | |a Colección George Yúdice | ||
| 650 | 4 | |a RACISMO - ESTADOS UNIDOS DE AMERICA | |
| 650 | 4 | |a PREJUICIOS | |
| 650 | 4 | |a ESTADOS UNIDOS | |
| 650 | 4 | |a BLANCOS | |
| 650 | 4 | |a RAZA DE IDENTIDAD | |
| 650 | 4 | |a RELACIONES RACIALES | |
| 650 | 4 | |a POLITICA SOCIAL - 1993 | |
| 999 | |c 16625 |d 16625 | ||
| 942 | |c BK |h 305.800.9 L767p |2 z | ||



